Statistics for Five biggest islands in every continent

Click here to take the quiz!

General Stats

  • This quiz has been taken 1,427 times
    (252 since last reset)
  • The average score is 14 of 35

Answer Stats

HintAnswer% Correct
587 041Madagascar
97%
209 331Great Britain
82%
2 130 800Greenland
80%
84 421Ireland
80%
101 826Iceland
76%
748 168Borneo
73%
111 583North Island
71%
145 836South Island
71%
785 753New Guinea
70%
225 800Honshu
69%
138 794Java
69%
443 065Sumatra
66%
507 451Baffin Island
63%
65 022Tasmania
50%
196 236Ellesmere Island
48%
217 291Victoria Island
48%
180 681Sulawesi
46%
108 660Newfoundland
43%
47 992Isla Grande de Tierra del Fuego
24%
2 535Reunion
24%
35 145New Britain
16%
7 040East Falkland
15%
38 981Spitsbergen
15%
2 008Tenerife
15%
3 607Socotra
14%
40 100Marajó
12%
47 079Severny Island
10%
1 935Bioko
7%
8 478Chiloé
6%
49 070Alexander Island
5%
43 873Berkner Island
3%
7 910Roosevelt Island
2%
15 700Thurston Island
2%
5 556Wellington Island
2%
8 500Carney Island
1%

Score Distribution

Percentile by Number Answered

Percent of People with Each Score

Your Score History

You have not taken this quiz since the last reset